US History, Student edition (Record no. 1943)

MARC details
000 -LEADER
fixed length control field 00371 a2200169 4500
000 - LEADER
fixed length control field nam a22 7a 4500
001 - CONTROL NUMBER
control field 1943
005 - DATE AND TIME OF LATEST TRANSACTION
control field 20260412170922.0
020 ## - INTERNATIONAL STANDARD BOOK NUMBER
International Standard Book Number 9780393697011
100 ## - MAIN ENTRY--PERSONAL NAME
Personal name MC Graw
110 ## - MAIN ENTRY--CORPORATE NAME
Corporate name or jurisdiction name as entry element MC Graw
245 ## - TITLE STATEMENT
Title US History, Student edition
250 ## - EDITION STATEMENT
Edition statement 1st
260 ## - PUBLICATION, DISTRIBUTION, ETC.
Name of publisher, distributor, etc. Hill Education
Date of publication, distribution, etc. 2020
264 ## - PRODUCTION, PUBLICATION, DISTRIBUTION, MANUFACTURE, AND COPYRIGHT NOTICE
Name of producer, publisher, distributor, manufacturer Hill Education
Date of production, publication, distribution, manufacture, or copyright notice 2020
942 ## - ADDED ENTRY ELEMENTS (KOHA)
Koha item type Books
Holdings
Withdrawn status Lost status Source of classification or shelving scheme Damaged status Not for loan Home library Current library Date acquired Cost, normal purchase price Total checkouts Barcode Date last seen Cost, replacement price Price effective from Koha item type
    Dewey Decimal Classification     Centerville Centerville 12/04/2026 25.00   CPL26040015 12/04/2026 25.00 12/04/2026 Books